Инвестиции: теория и практика: учебное пособие для вузов

Библиографические подробности
Главный автор: Корчагин Ю. А. Юрий Александрович
Другие авторы: Маличенко И. П. Ирина Петровна
Примечания:В учебном пособии в соответствии с государственными стандартами высшего профессионального образования изложены основные понятия, экономическая сущность и виды инвестиций, рассмотрены инвестиционный процесс, участники инвестиционного процесса и типы инвесторов. Значительное место уделено инвестиционным проектам и методам их анализа. Проанализированы инвестиционные качества ценных бумаг, типы портфелей, принципы и этапы формирования, доходность и риски портфелей ценных бумаг. Здесь же рассмотрены прямые инвестиции, осуществляемые в форме капитальных вложений, изложены методы финансирования инвестиционных проектов: бюджетное финансирование, самофинансирование, акционирование, методы долгового финансирования, зарубежные источники финансирования, долгосрочное кредитование, лизинг, проектное финансирование, венчурное финансирование и ипотечное кредитование. Кроме этого рассмотрены процессы инвестирования и инвести­ционные стратегии развития субъектов экономической деятельности на макро- и микроуровнях. Учебное пособие предназначено для студентов, аспирантов и преподавателей экономических вузов, научных работников, экономистов, менеджеров и управленцев.
Язык:русский
Опубликовано: Ростов-на-Дону, Феникс, 2008
Серии:Высшее образование
Предметы:
Формат: Книга
Запись в KOHA:https://koha.lib.tpu.ru/cgi-bin/koha/opac-detail.pl?biblionumber=146378

MARC

LEADER 00000nam0a2200000 4500
001 146378
005 20231101221223.0
010 |a 9785222113363 
035 |a (RuTPU)RU\TPU\book\158674 
090 |a 146378 
100 |a 20081029d2008 m y0rusy50 ca 
101 0 |a rus 
102 |a RU 
105 |a a j 001zy 
200 1 |a Инвестиции: теория и практика  |e учебное пособие для вузов  |f Ю. А. Корчагин, И. П. Маличенко 
210 |a Ростов-на-Дону  |c Феникс  |d 2008 
215 |a 509 с.  |c ил. 
225 1 |a Высшее образование 
320 |a Библиогр.: с. 503. 
330 |a В учебном пособии в соответствии с государственными стандартами высшего профессионального образования изложены основные понятия, экономическая сущность и виды инвестиций, рассмотрены инвестиционный процесс, участники инвестиционного процесса и типы инвесторов. Значительное место уделено инвестиционным проектам и методам их анализа. Проанализированы инвестиционные качества ценных бумаг, типы портфелей, принципы и этапы формирования, доходность и риски портфелей ценных бумаг. Здесь же рассмотрены прямые инвестиции, осуществляемые в форме капитальных вложений, изложены методы финансирования инвестиционных проектов: бюджетное финансирование, самофинансирование, акционирование, методы долгового финансирования, зарубежные источники финансирования, долгосрочное кредитование, лизинг, проектное финансирование, венчурное финансирование и ипотечное кредитование. Кроме этого рассмотрены процессы инвестирования и инвести­ционные стратегии развития субъектов экономической деятельности на макро- и микроуровнях. Учебное пособие предназначено для студентов, аспирантов и преподавателей экономических вузов, научных работников, экономистов, менеджеров и управленцев. 
606 1 |a Инвестиции  |2 stltpush  |3 (RuTPU)RU\TPU\subj\36163  |9 57637 
610 1 |a экономика 
610 1 |a инвестиционная деятельность 
610 1 |a инвестиционная политика 
610 1 |a инвестиционный процесс 
610 1 |a инвестиционный потенциал 
610 1 |a инвестиционная привлекательность 
610 1 |a инвестиционные риски 
610 1 |a инвестиционные проекты 
610 1 |a оценка 
610 1 |a эффективность 
610 1 |a ценные бумаги 
610 1 |a доходность 
610 1 |a акции 
610 1 |a векселя 
610 1 |a финансовые активы 
610 1 |a портфель ценных бумаг 
610 1 |a инвестиционные портфели 
610 1 |a капитальные вложения 
610 1 |a иностранные инвестиции 
610 1 |a финансирование 
610 1 |a человеческий капитал 
610 1 |a национальное богатство 
610 1 |a корпоративные стратегии 
610 1 |a государственное регулирование 
610 1 |a учебные пособия 
686 |a У9(2)0-56я73  |v LBC/SL-A  |2 rubbk 
700 1 |a Корчагин  |b Ю. А.  |g Юрий Александрович 
701 1 |a Маличенко  |b И. П.  |g Ирина Петровна 
801 1 |a RU  |b 63413507  |c 20081029  |g PSBO 
801 2 |a RU  |b 63413507  |c 20220527  |g PSBO 
900 |a Инвестиции 
942 |c BK 
955 |b 080105  |b 080109  |b 080110 
959 |a 97/20081029  |d 2  |e 135,00  |f АНЛ:1  |f ЧЗГЛ:1 
959 |a 51/20090420  |d 5  |e 0  |f УФ:5